000 00530 a2200145 4500
005 20250628063805.0
020 _a978-0-618-95032-4
082 _a378.001FRO
111 _aFrom Master Student to Master Employee Based on Dave Ellis' Becoming a Master Student,
245 _aFrom Master Student to Master Employee Based on Dave Ellis' Becoming a Masters Student,
250 _a2nd Ed.
260 _aNew York,
_bHoughton Mifflin Company,
_c2009,
300 _axi, 372p,: ill.; figure, picture, table
_bIndex
_c27.6cm
942 _2ddc
_cBKS
999 _c5822
_d5822